00264nam a2200097Ia 4500008004100000100002100041245005800062260003000120300000800150650000800158191201s2009 xx 000 0 und d aSRIVASTAVA, S.C. 0aManagement of Industrial Relations MBA-OB HRD 6 SEM-3 aN. DelhibVikas Pubc2009 a300 aMBA